000 00576nam a2200241Ia 4500
005 20260320201015.0
008 008 262003s9999 xx 000 0 eng d
037 _aEBOOK
040 _aCRL
040 _beng
040 _cCRL
041 _2eng
041 _aeng
084 _qCRL
100 _aBasar
_91134011
245 0 _aControl Theory: Twenty-Five Seminal Papers (1932-1981)
260 _bIEEE
260 _c2001
856 _uhttps://ieeexplore.ieee.org/servlet/opac?bknumber=5265919
942 _cEBOOK
999 _c1718243
_d1718243